[Event "AUTO-INT-1354"]
[Site "http://www.queenalice.com/game.php?id=659693"]
[Date "2009.9.28"]
[Round "2"]
[White "Kic"]
[Black "Banff"]
[Result "1-0"]
[WhiteElo "1620"]
[BlackElo "1784"]

1. d4 d5 2. Nc3 f6 3. e4 c6 4. Nf3 dxe4 5. Nxe4 b6 6. Bc4 e6 7. O-O h6 8. Re1 f5
9. Nc3 Qf6 10. a4 g5 11. Ne2 Bd6 12. a5 b5 13. Bd3 g4 14. Ne5 Bxe5 15. dxe5 Qxe5
16. Ng3 Qf6 17. c4 a6 18. Bxf5 h5 19. Bc2 e5 20. Ne4 Qe6 21. Ng5 Qf6 22. Ne4 Qe6
23. Nd6+ Ke7 24. Bf5 Qxd6 25. Bg5+ Nf6 26. Qxd6+ Kxd6 27. Bxf6 Re8 28. Bg6 Re6
29. Rad1+ Kc7 30. Bxe5+ Kb7 31. Bxh5 Re7 32. Bg6 Nd7 33. Bc3 Rxe1+ 34. Rxe1 Ra7
35. Bd4 c5 36. Bg7 bxc4 37. Re7 Kb8 38. Bh6 Ka8 39. Be4+ Bb7 40. Re8+ Nb8 41.
Bf4 Bxe4 42. Rxb8# 1-0

[Event "AUTO-INT-1354"]
[Site "http://www.queenalice.com/game.php?id=659694"]
[Date "2009.9.28"]
[Round "2"]
[White "Banff"]
[Black "pacou93"]
[Result "0-1"]
[WhiteElo "1788"]
[BlackElo "1851"]

1. d4 Nf6 2. c4 g6 3. f3 d5 4. cxd5 Nxd5 5. e4 Nf6 6. g4 e6 7. b3 e5 8. dxe5
Qxd1+ 9. Kxd1 Nfd7 10. a3 Bg7 11. f4 Nc5 12. Nd2 Bxg4+ 13. Be2 Be6 14. Rb1 Nc6
15. h3 O-O-O 16. b4 Nxe4 17. Ke1 Ng3 18. Rh2 Nxe2 19. Nxe2 Nd4 20. Nxd4 Rxd4 21.
Nf3 Rd3 22. Ng1 Rhd8 23. Rd2 Rxd2 24. Bxd2 Rd3 25. a4 Bxh3 26. Nxh3 Rxh3 27. Rc1
Rh1+ 28. Ke2 Rxc1 29. Bxc1 c6 30. Kf3 Kd7 31. Kg4 Ke6 32. Be3 b6 33. Bd4 f6 34.
exf6 Bxf6 35. Be3 h5+ 36. Kg3 Kd5 37. Bd2 Kc4 38. Be1 Be7 39. a5 bxa5 40. bxa5
Kb5 41. Bf2 Bc5 42. Bxc5 Kxc5 43. Kh4 Kd5 44. Kg5 h4 45. Kxh4 Ke4 46. Kg5 c5 47.
Kxg6 Kxf4 48. Kf6 c4 49. Ke6 c3 50. Kd6 c2 51. Kc6 c1=Q+ 52. Kb7 Qc5 53. a6 Qb6+
54. Ka8 Qxa6 55. Kb8 Qb6+ 56. Ka8 Qc6+ 57. Kxa7 Ke5 58. Kb8 Kd6 59. Ka7 Qb5 60.
Ka8 Kc7 61. Ka7 Qb7# 0-1

[Event "AUTO-INT-1354"]
[Site "http://www.queenalice.com/game.php?id=659695"]
[Date "2009.9.28"]
[Round "2"]
[White "pacou93"]
[Black "Banff"]
[Result "0-1"]
[WhiteElo "1774"]
[BlackElo "1772"]

1. e4 g6 2. d4 d5 3. exd5 Qxd5 4. Nc3 Qe6+ 5. Qe2 Qxe2+ 6. Bxe2 c6 7. Nf3 f6 8.
O-O g5 9. b3 Bf5 10. Ne1 b5 11. Bd3 Bxd3 12. Nxd3 e6 13. Re1 Kf7 14. Ne4 Be7 15.
Bb2 Na6 16. a4 Nb4 17. Nxb4 Bxb4 18. c3 Be7 19. axb5 cxb5 20. c4 bxc4 21. bxc4
Nh6 22. f3 f5 23. Nd2 Bb4 24. Re2 Rhb8 25. h3 f4 26. Ne4 Kg6 27. Bc3 Bxc3 28.
Nxc3 Re8 29. Nb5 Re7 30. c5 a6 31. Nc7 Rxc7 32. Rxe6+ Kg7 33. Raxa6 Rxa6 34.
Rxa6 Nf5 35. Ra4 Kf6 36. Ra6+ Kg7 37. Ra4 h5 38. Kf2 h4 39. Rb4 Kf7 0-1

[Event "Long time no play !!!"]
[Site "http://www.queenalice.com/game.php?id=748362"]
[Date "2010.3.19"]
[Round "-"]
[White "Mr_SPOCK"]
[Black "Banff"]
[Result "0-1"]
[WhiteElo "1546"]
[BlackElo "1823"]

1. e4 g6 2. e5 f5 3. d4 e6 4. Nf3 Be7 5. Nc3 c6 6. Bc4 b5 7. Bb3 g5 8. O-O g4 9.
Nd2 d6 10. Nf3 gxf3 11. Qxf3 d5 12. Qh5+ Kf8 13. Ne2 Qe8 14. Bh6+ Nxh6 15. Qxh6+
Kg8 16. Ng3 Qg6 17. Qe3 Kf8 18. c3 Rg8 19. Bd1 Bg5 20. Qd3 f4 21. Qf3 Ke8 22.
Rc1 fxg3 23. Bc2 gxh2+ 24. Kh1 Qf7 25. Qh3 Bxc1 26. Kxh2 Bxb2 27. Bxh7 Rg7 28.
Bg6 Qxg6 29. Qh8+ Kf7 30. g3 Rg8 31. Qf6+ Qxf6 32. exf6 Bxc3 33. Rd1 Kxf6 34.
Rd3 b4 35. Rf3+ Ke7 36. Rf4 Ba6 37. g4 Bc4 38. Kg3 Bxa2 39. Kh4 b3 40. g5 b2 41.
Kh5 b1=Q 42. Rf6 Bxd4 43. f4 Bxf6 44. Kg4 Bxg5 45. fxg5 Qf1 46. Kg3 Rxg5+ 47.
Kh4 Qf6 0-1

[Event "AUTO-OPEN-1920"]
[Site "http://www.queenalice.com/game.php?id=749467"]
[Date "2010.3.21"]
[Round "1"]
[White "Banff"]
[Black "revival"]
[Result "1-0"]
[WhiteElo "1852"]
[BlackElo "1649"]

1. d4 d5 2. e3 Nf6 3. f3 Bf5 4. g4 Bg6 5. b4 e6 6. a3 c6 7. h4 h6 8. Nh3 Nbd7 9.
Nc3 Bd6 10. h5 Bh7 11. Rg1 g5 12. hxg6 Bxg6 13. Na4 e5 14. dxe5 Bxe5 15. Ra2 Nb6
16. Nxb6 Qxb6 17. f4 1-0

[Event "AUTO-OPEN-1920"]
[Site "http://www.queenalice.com/game.php?id=749468"]
[Date "2010.3.21"]
[Round "1"]
[White "revival"]
[Black "Banff"]
[Result "0-1"]
[WhiteElo "1658"]
[BlackElo "1843"]

1. e4 e5 2. Nf3 d6 3. Bc4 a6 4. O-O b5 5. Bb3 c5 6. c3 g5 7. d3 h6 8. Be3 Bb7 9.
Nbd2 Nf6 10. d4 c4 11. Bc2 Qe7 12. Re1 g4 13. Nh4 Bc8 14. g3 h5 15. Nf1 d5 16.
exd5 Nxd5 17. dxe5 Nxe3 0-1

[Event "AUTO-OPEN-1920"]
[Site "http://www.queenalice.com/game.php?id=749469"]
[Date "2010.3.21"]
[Round "1"]
[White "Banff"]
[Black "Korchnoico"]
[Result "1-0"]
[WhiteElo "1860"]
[BlackElo "1661"]

1. d4 d5 2. f3 e6 3. c3 Nf6 4. g4 c5 5. dxc5 Bxc5 6. e3 Qb6 7. Qd2 Nc6 8. b4 Bd6
9. a3 e5 10. g5 Nd7 11. Qxd5 Nd8 12. e4 Qc6 13. Qxc6 Nxc6 14. Be3 f6 15. gxf6
Nxf6 16. Nd2 O-O 17. Nc4 Bc7 18. O-O-O a5 19. b5 Ne7 20. a4 Be6 21. Bc5 Rfe8 22.
Nd6 Bxd6 23. Bxd6 Ng6 24. c4 Rac8 25. c5 Nd7 26. h3 Nxc5 27. Bxc5 Rxc5+ 28. Kb1
Rc3 29. Rh2 Nh4 30. Rf2 Rb3+ 31. Rb2 Rf8 32. Rxb3 Bxb3 33. Rd7 Rb8 34. Kb2 Bxa4
35. Bc4+ Kf8 36. Rf7+ Ke8 37. Rxg7 Rd8 38. Rxh7 Ng2 39. Rxb7 Ne3 40. Kc3 Nxc4
41. Kxc4 Rc8+ 42. Kd5 Rc1 43. Ne2 Rb1 44. Nc3 Rb4 45. Nxa4 Rxa4 46. Ra7 Ra1 47.
b6 Kd8 48. h4 a4 49. h5 a3 50. h6 a2 51. h7 Rd1+ 52. Kxe5 Rh1 53. Rxa2 Rxh7 54.
f4 Rb7 55. Rb2 Ke7 56. f5 1-0

[Event "AUTO-OPEN-1920"]
[Site "http://www.queenalice.com/game.php?id=749470"]
[Date "2010.3.21"]
[Round "1"]
[White "Korchnoico"]
[Black "Banff"]
[Result "1/2-1/2"]
[WhiteElo "1685"]
[BlackElo "1868"]

1. c4 c6 2. d4 d5 3. e3 dxc4 4. Bxc4 b5 5. Be2 f5 6. Nf3 Qd6 7. O-O h6 8. Nbd2
g5 9. Nb3 Bg7 10. Nfd2 Nf6 11. Bf3 Ng4 12. Bxg4 fxg4 13. Ne4 Qd5 14. Nc3 Qf7 15.
f3 gxf3 16. Rxf3 Bf6 17. Ne4 Bg4 18. Nbc5 Bxf3 19. Qxf3 Nd7 20. Nxf6+ Qxf6 21.
Qxf6 exf6 22. Nd3 O-O-O 23. a4 a6 24. axb5 axb5 25. Nb4 Kb7 26. Bd2 f5 27. Bc3
Rhe8 28. Re1 Re4 29. Bd2 Rde8 30. Kf2 g4 31. g3 h5 32. Rc1 Rc8 33. Ra1 Nb8 34.
Rc1 Na6 35. Nd3 Ree8 36. Ne5 Re7 37. Ng6 Re6 38. Nf4 Rh6 39. Kg2 Nb8 40. h3 Nd7
41. hxg4 hxg4 42. Rh1 Rxh1 43. Kxh1 Ra8 44. Kg2 Ra1 45. Nh5 Rb1 46. Kf2 Rxb2 47.
Ke2 b4 48. Kd3 b3 49. Bc3 Ra2 50. Ng7 Nf6 51. Nxf5 Nd5 52. Nh6 Nxe3 53. Kxe3 b2
54. Bxb2 Rxb2 55. Nxg4 Rb3+ 56. Kf4 Rb4 57. Kf5 Rxd4 58. Nf6 c5 59. Ke5 Rd8 60.
g4 c4 61. Ne4 Kb6 62. g5 Kb5 63. g6 Kb4 64. Kf6 c3 65. Nxc3 Kxc3 66. g7 Kd4 67.
Kf7 Ke5 68. g8=Q Rxg8 69. Kxg8 Kf6 1/2-1/2

[Event "Challenge"]
[Site "http://www.queenalice.com/game.php?id=793086"]
[Date "2010.6.21"]
[Round "-"]
[White "Banff"]
[Black "Legiao"]
[Result "1-0"]
[WhiteElo "1861"]
[BlackElo "1118"]

1. d4 d5 2. f4 Bf5 3. h3 Nc6 4. g4 Be4 5. Rh2 h6 6. e3 Bg6 7. a4 Qd6 8. b3 Nb4
9. Na3 e5 10. dxe5 Qc5 11. f5 Bxf5 12. gxf5 Rd8 13. Nf3 g5 14. fxg6 fxg6 15. Nd4
c6 16. Bb2 Rh7 17. c3 h5 18. cxb4 1-0

[Event "AUTO-OPEN-1920"]
[Site "http://www.queenalice.com/game.php?id=845912"]
[Date "2010.10.14"]
[Round "2"]
[White "elijose"]
[Black "Banff"]
[Result "1-0"]
[WhiteElo "1956"]
[BlackElo "1863"]

1. d4 d5 2. e3 c6 3. Nf3 f6 4. Bd3 g6 5. O-O b6 6. Nbd2 g5 7. c4 e6 8. cxd5 cxd5
9. b3 Nc6 10. h3 a6 11. Bb2 Nh6 12. e4 Nb4 13. Be2 dxe4 14. Nxe4 Nd5 15. Rc1 Bb7
16. Qd2 Rg8 17. Rc2 Nb4 18. Rc4 Bxe4 19. Bc3 Nc6 20. Qe3 Bd5 21. Rxc6 Nf5 22.
Rxe6+ Kf7 23. Rxf6+ Qxf6 24. Qd3 b5 25. Ne5+ Ke8 26. Bg4 Be6 27. d5 Qd8 28. Bxf5
Qxd5 29. Bxh7 Rg7 30. Be4 Qxd3 31. Nxd3 Bf5 32. Bxa8 Bxd3 33. Bxg7 Bxf1 34. Bxf8
Kxf8 35. Kxf1 b4 36. Ke2 a5 37. Kd3 Ke7 38. Kc4 Kf6 39. Kb5 Kf5 40. Kxa5 Kf4 41.
Kxb4 1-0

[Event "AUTO-OPEN-1920"]
[Site "http://www.queenalice.com/game.php?id=845913"]
[Date "2010.10.14"]
[Round "2"]
[White "Banff"]
[Black "elijose"]
[Result "1/2-1/2"]
[WhiteElo "1851"]
[BlackElo "1968"]

1. d4 e6 2. g3 d5 3. c3 Nf6 4. f3 Be7 5. g4 Nc6 6. a3 Bd7 7. b4 a6 8. Nd2 h6 9.
h4 e5 10. e3 exd4 11. exd4 Bd6 12. Rh3 Ne7 13. Nb1 b6 14. Ra2 c5 15. Be3 O-O 16.
h5 Qc7 17. Rb2 c4 18. Ne2 b5 19. Qd2 Nc6 20. Bf4 Bxf4 21. Nxf4 Rfe8+ 22. Kd1 Qd6
23. Rh2 Re7 24. Re2 Rae8 25. Rxe7 Rxe7 26. Qc1 Nh7 27. Re2 Rxe2 28. Bxe2 Ng5 29.
Qe3 Be6 30. Nd2 Ne7 31. Nf1 a5 32. Nd2 a4 33. Ke1 Bd7 34. Kd1 Ne6 35. Nxe6 Qxe6
36. Qxe6 Bxe6 37. Nf1 g6 38. Ng3 Kg7 39. Kd2 Nc6 40. hxg6 fxg6 41. Ke3 Kf6 42.
f4 Ne7 1/2-1/2

[Event "Challenge"]
[Site "http://www.queenalice.com/game.php?id=873536"]
[Date "2010.12.18"]
[Round "-"]
[White "ORNELAS"]
[Black "Banff"]
[Result "0-1"]
[WhiteElo "1586"]
[BlackElo "1856"]

1. b3 d6 2. d4 f5 3. Nf3 e6 4. d5 e5 5. Ng5 h6 6. Nf3 e4 7. Nd4 Qf6 8. e3 c5 9.
c3 cxd4 10. cxd4 Qf7 11. Nc3 Nf6 12. g3 Nxd5 13. Nxd5 Qxd5 14. Bg2 h5 15. h4 g6
16. Bd2 a5 17. O-O b6 18. Rc1 Ba6 19. Re1 Bb7 20. Rc7 Ra7 21. Rc4 Ba6 22. Rc3
Nc6 23. Qc1 Rc7 24. a3 Kd7 25. Qb2 Be7 26. Rec1 Rb8 27. Bf1 Bxf1 28. Kxf1 Qb5+
29. Kg2 d5 30. a4 Qe2 31. Re1 Qf3+ 32. Kg1 Bd6 33. Rcc1 Qg4 34. Kg2 Qf3+ 35. Kg1
g5 36. hxg5 Rg8 37. Rf1 Qg4 38. Kg2 Qxg5 39. Rh1 f4 40. exf4 Bxf4 41. Bxf4 Qxf4
42. Rh4 Qxh4 43. Kf1 Qf6 44. Qe2 Nxd4 45. Rxc7+ Kxc7 46. Qa6 Nf3 47. Qa7+ Kc6
48. Qa6 Qa1+ 49. Ke2 Qe1# 0-1

[Event "Challenge"]
[Site "http://www.queenalice.com/game.php?id=874624"]
[Date "2010.12.21"]
[Round "-"]
[White "ORNELAS"]
[Black "Banff"]
[Result "0-1"]
[WhiteElo "1581"]
[BlackElo "1869"]

1. b3 c5 2. d4 cxd4 3. Qxd4 f6 4. Ba3 d6 5. Qd5 e6 6. Qb5+ Nc6 7. Qh5+ g6 8. Qf3
f5 9. Bb2 e5 10. g3 Nf6 11. Bg2 h5 12. Qe3 Nb4 13. Qc3 a5 14. a3 Nc6 15. Nf3 Qc7
16. Ng5 d5 17. O-O Be7 18. Qe1 O-O 19. c3 Rd8 20. b4 a4 21. e3 e4 22. Qe2 Ne8
23. Nh3 b6 24. Nd2 Nd6 25. Nf4 Ba6 26. Qd1 Bxf1 27. Qxf1 Kf7 28. Nxd5 Qb7 29. c4
Ne8 30. b5 Na5 31. Be5 Rac8 32. Rb1 Nd6 33. Qd1 Ndxc4 34. Nxe7 Qxe7 35. Bc3 Nxa3
36. Rb4 Rxc3 37. Rxa4 Nxb5 38. Qe1 Rdc8 39. Ra1 R8c6 40. Nf1 Nb3 41. Qe2 Nxa1
42. Qxb5 Rc1 43. Qd5+ Qe6 44. Qd8 Qe8 45. Qd5+ Kf8 46. Qd4 Qf7 47. Qd8+ Qe8 48.
Qg5 b5 49. Qh6+ Kg8 50. h4 b4 51. Kh2 b3 52. Nd2 b2 53. f3 Rd1 54. fxe4 Rxd2 55.
exf5 b1=Q 56. Kh3 Qxf5+ 57. Kh2 Qee4 58. Qg5 Qxg2# 0-1

[Event "Challenge"]
[Site "http://www.queenalice.com/game.php?id=895429"]
[Date "2011.2.3"]
[Round "-"]
[White "Banff"]
[Black "APSHOOTER"]
[Result "1-0"]
[WhiteElo "1861"]
[BlackElo "1654"]

1. d4 d5 2. f3 c5 3. e3 c4 4. e4 e6 5. e5 Bb4+ 6. c3 Be7 7. g3 Bd7 8. b4 cxb3 9.
axb3 a6 10. h4 f6 11. f4 Nh6 12. Bd3 f5 13. Be2 Nc6 14. Nh3 Nf7 15. Bf3 h6 16.
Nd2 Bxh4 17. gxh4 b5 18. h5 Qh4+ 19. Nf2 Qxf4 20. Nf1 Qxf3 21. Qxf3 Ng5 22. Bxg5
hxg5 23. Nd2 g6 24. b4 O-O-O 25. Rxa6 Kc7 26. hxg6 g4 27. Qf4 Rxh1+ 28. Nxh1 Rh8
29. Nf2 Kd8 30. g7 Rg8 31. Qg5+ Kc7 32. Nb3 Be8 33. Nc5 Bf7 34. Qf6 Nd8 35. Qe7+
Kb8 36. Rb6+ 1-0

[Event "Challenge"]
[Site "http://www.queenalice.com/game.php?id=900308"]
[Date "2011.2.14"]
[Round "-"]
[White "APSHOOTER"]
[Black "Banff"]
[Result "0-1"]
[WhiteElo "1616"]
[BlackElo "1873"]

1. e4 e5 2. Bc4 g6 3. Nf3 d6 4. h3 a6 5. Nc3 b5 6. Bd5 c6 7. Bb3 g5 8. d4 f6 9.
Nh2 h5 10. d5 c5 11. a3 c4 12. Ba2 Qa5 13. Bd2 Ne7 14. O-O h4 15. Ng4 Bg7 16.
Qf3 Ng8 17. Be3 Bd7 18. Ne2 b4 19. c3 b3 20. Bb1 Qd8 21. a4 a5 22. Rd1 Ke7 23.
Nc1 Qe8 24. Qe2 Qc8 25. Kf1 Na6 26. Kg1 Qc7 27. Ra3 Nh6 28. Nxh6 Bxh6 29. Nxb3
cxb3 30. Bd3 Nc5 31. Bxc5 Qxc5 32. Bc4 Rab8 33. Bxb3 Rxb3 34. Rxb3 Bxa4 35. Qc2
Bxb3 36. Qxb3 Rc8 37. Qb7+ Qc7 38. Qxc7+ Rxc7 39. Rc1 Bf8 40. Ra1 Ra7 41. b4 Rc7
42. Rxa5 Rxc3 43. Ra7+ Ke8 44. b5 Rb3 45. Rb7 Be7 46. Kh2 Kd8 47. b6 Ke8 48.
Rb8+ Bd8 49. b7 Kd7 50. Rxd8+ Kxd8 51. b8=Q+ Rxb8 0-1

[Event "Challenge"]
[Site "http://www.queenalice.com/game.php?id=902982"]
[Date "2011.2.20"]
[Round "-"]
[White "chyco"]
[Black "Banff"]
[Result "1-0"]
[WhiteElo "1663"]
[BlackElo "1854"]

1. e4 e5 2. Bc4 g6 3. Qf3 Nh6 4. d3 g5 5. g4 f6 6. h4 d6 7. hxg5 Bxg4 8. Qg3
fxg5 9. f3 Bc8 10. Bxg5 Qd7 11. Bxh6 Bxh6 12. Rxh6 Qe7 13. Nc3 c6 14. O-O-O Nd7
15. Re6 Qxe6 16. Bxe6 1-0

[Event "Challenge"]
[Site "http://www.queenalice.com/game.php?id=903135"]
[Date "2011.2.20"]
[Round "-"]
[White "ORNELAS"]
[Black "Banff"]
[Result "1-0"]
[WhiteElo "1650"]
[BlackElo "1879"]

1. e4 e5 2. Bc4 g6 3. d4 Bd6 4. d5 a6 5. c3 b5 6. Bd3 c5 7. c4 bxc4 8. Bxc4 Be7
9. d6 Bf8 10. Nf3 f6 11. Be3 Bb7 12. Nc3 Qb6 13. Nd5 Qxd6 14. O-O g5 15. Nxg5
fxg5 16. Bxg5 h5 17. Qf3 Rh7 18. Rad1 Bxd5 19. Rxd5 Qe6 20. Rfd1 Qg6 21. Rxe5+
Be7 22. Bd5 Nc6 23. Bxc6 dxc6 24. Qb3 Kf8 25. Rf5+ Rf7 26. Rxf7+ Qxf7 27. Qb7
Re8 28. Be3 Qxa2 29. Qxc6 Kf7 30. e5 a5 31. Qd5+ Qxd5 32. Rxd5 Ke6 33. Rd1 Kxe5
34. g3 Rb8 35. Bf4+ Ke4 36. Bxb8 1-0